Varieties of psychotherapeutic experience : multivariate analyses of patients' and therapists' reports /

Bibliographic Details
Main Author: Orlinsky, David E.
Other Authors: Howard, Kenneth I. (Kenneth Irwin), 1932-2000
Format: Book
Language:English
Published: New York : Teachers College Press, [1975]
Series:Foresight books in psychology.
Subjects:

MARC

Tag First Indicator Second Indicator Subfields
LEADER 00000cam a2200000 a 4500
001 in00000539421
005 20151013164150.0
008 740923s1975 nyu b 00110 engm
010 |a  74022011  
035 |a (OCoLC)01056912 
035 |9 ACG8880AM 
040 |a DLC  |c DLC  |d m.c.  |d TXA  |d UtOrBLW 
049 |a TXAM  |c [1120861] 
050 0 0 |a RC337  |b .O74 
060 0 |a WM420 O71v 
082 0 |a 616.8/914 
100 1 |a Orlinsky, David E. 
245 1 0 |a Varieties of psychotherapeutic experience :  |b multivariate analyses of patients' and therapists' reports /  |c David E. Orlinsky, Kenneth I. Howard. 
264 1 |a New York :  |b Teachers College Press,  |c [1975] 
264 4 |c ©1975 
300 |a xxiv, 284 pages ;  |c 23 cm. 
336 |a text  |b txt  |2 rdacontent 
337 |a unmediated  |b n  |2 rdamedia 
338 |a volume  |b nc  |2 rdacarrier 
490 1 |a Foresight books in psychology 
500 |a Includes indexes. 
504 |a Bibliography: pages 225-227. 
650 0 |a Psychiatry  |x Research. 
650 0 |a Psychotherapy. 
650 2 |a Psychotherapy. 
700 1 |a Howard, Kenneth I.  |q (Kenneth Irwin),  |d 1932-2000. 
830 0 |a Foresight books in psychology. 
999 |a MARS 
999 f f |s 80eb5969-f958-3165-a8f1-a34d9218bd56  |i f1e494ad-659e-36e4-82d2-d3c5e7780a3b  |t 0 
952 f f |p ric  |a Texas A&M University  |b Rellis Campus  |c Joint Library Facility  |d Remote Storage  |t 0  |e RC337 .O74  |h Library of Congress classification  |i unmediated -- volume  |m A14807424870 
998 f f |a RC337 .O74  |t 0  |l Remote Storage